| 000 | 00405nam a2200157Ia 4500 | ||
|---|---|---|---|
| 008 | 230312s9999||||xx |||||||||||||| ||und|| | ||
| 020 | _a0-13-066061-2 | ||
| 082 |
_a005.74 _bWHW-C |
||
| 100 | _aHewitt Eben | ||
| 245 | 0 | _aCore Cold Fusion 5.0 | |
| 260 |
_bPrentice Hall _aNew Jersey _c2002 |
||
| 300 | _a962 | ||
| 546 | _aEng. | ||
| 650 |
_aComputer _vWhat is Cold Fusion ? Why Cold Fusion ? |
||
| 942 | _cBK | ||
| 999 |
_c2861 _d2861 |
||